Stub out those roll-ups (Record no. 76758)
[ view plain ]
| 000 -LEADER | |
|---|---|
| fixed length control field | 01260cab a2200205 4500 |
| 001 - CONTROL NUMBER | |
| control field | ##L133034 |
| 008 - FIXED-LENGTH DATA ELEMENTS--GENERAL INFORMATION | |
| fixed length control field | 060404n2006 000 0 eng u |
| 035 ## - SYSTEM CONTROL NUMBER | |
| System control number | (Sirsi) u133034 |
| 041 0# - LANGUAGE CODE | |
| Language code of text/sound track or separate title | eng |
| 100 1# - MAIN ENTRY--PERSONAL NAME | |
| Personal name | Titchmarsh, Philip |
| 245 00 - TITLE STATEMENT | |
| Title | Stub out those roll-ups |
| 260 ## - PUBLICATION, DISTRIBUTION, ETC. | |
| Date of publication, distribution, etc. | 2006 |
| 490 #0 - SERIES STATEMENT | |
| Series statement | Building |
| Volume/sequential designation | 271(8424) 31 March 2006, 64(1) |
| 520 ## - SUMMARY, ETC. | |
| Summary, etc. | Reports, and comments upon, "Caulfield v Hanson Clay Products" ([2006] ECJ First Chamber, LTLEU 16/3/2006) where the European Court of Justice decided that awarding rolled-up holiday pay to workers in lieu of paid leave was unlawful under the Working Time Directive. This practice, which involves adding pay for annual leave to a worker's hourly or daily rate instead of paying it for the period of leave taken, has been particularly prevalent in the construction industry because of irregular working patterns and short-term contracts. As a result of the decision rolling-up of holiday pay will have to cease, and workers will have to be paid in respect of specific periods of leave. |
| 590 ## - LOCAL NOTE (RLIN) | |
| Local note | IKA110406 |
| 650 24 - SUBJECT ADDED ENTRY--TOPICAL TERM | |
| Topical term or geographic name entry element | CAULFIELD AND OTHERS V HANSON CLAY PRODUCTS LTD |
| 650 24 - SUBJECT ADDED ENTRY--TOPICAL TERM | |
| Topical term or geographic name entry element | MPB STRUCTURES LTD V MUNRO |
| 690 ## - LOCAL SUBJECT ADDED ENTRY--TOPICAL TERM (OCLC, RLIN) | |
| Topical term or geographic name as entry element | MANAGEMENT-BUSINESS MANAGEMENT-HUMAN RESOURCE MANAGEMENT |
| 942 ## - ADDED ENTRY ELEMENTS (KOHA) | |
| Suppress in OPAC | 0 |
| Withdrawn status | Lost status | Source of classification or shelving scheme | Damaged status | Not for loan | Home library | Current library | Shelving location | Date acquired | Total Checkouts | Full call number | Barcode | Date last seen | Copy number | Price effective from | Koha item type |
|---|---|---|---|---|---|---|---|---|---|---|---|---|---|---|---|
| Dewey Decimal Classification | London | London | Journal article | 05/04/2006 | L133034 | 133034-1001 | 06/08/2019 | 1 | 06/08/2019 | Journal article |